| 000 | 00000nam 2200000zi 4500 |
| 001 | 9.922113 |
| 003 | CaOODSP |
| 005 | 20230531131656 |
| 006 | m o d f |
| 007 | cr |n||||||||| |
| 008 | 230501t20232022oncd o f|0| 0 eng d |
| 040 | |aCaOODSP|beng|erda|cCaOODSP |
| 043 | |an-cn--- |
| 086 | 1 |aYN5-261/2023E-PDF |
| 245 | 00|aCorporate loss utilization. |
| 264 | 1|aOttawa : |bOffice of the Parliamentary Budget Officer = Bureau du Directeur parlementaire du budget, |cFebruary 16, 2023. |
| 264 | 4|c©2022 |
| 300 | |a1 online resource (26 pages) : |bcharts |
| 336 | |atext|btxt|2rdacontent |
| 337 | |acomputer|bc|2rdamedia |
| 338 | |aonline resource|bcr|2rdacarrier |
| 500 | |aIssued also in French under title: Utilisation des pertes des sociétés. |
| 500 | |a"RP-2223-022-S_e." |
| 520 | |a"In this report we analyze corporate losses and their utilization by firms over 2000 to 2020 across different sectors of the economy. Specifically, we focus on the utilization of net operating (non-capital) and capital losses, which, on average, represent more than 95 per cent of total losses incurred by corporations"--Executive Summary, page 1. |
| 650 | 0|aCorporations|xTaxation|zCanada. |
| 650 | 0|aIncome tax deductions for losses|zCanada. |
| 710 | 1 |aCanada. |bOffice of the Parliamentary Budget Officer, |eissuing body. |
| 775 | 08|tUtilisation des pertes des sociétés.|w(CaOODSP)9.922156 |
| 856 | 40|qPDF|s328 KB|uhttps://publications.gc.ca/collections/collection_2023/dpb-pbo/YN5-261-2023-eng.pdf |